La estética de la Edad Media
Saved in:
| Main Author: | |
|---|---|
| Format: | Book |
| Language: | Spanish |
| Published: |
Madrid
Visor
1994
|
| Edition: | 2a. ed |
| Series: | La Balsa de la Medusa, 15
|
| Subjects: | |
| Tags: |
Add Tag
No Tags, Be the first to tag this record!
|
MARC
| LEADER | 00000nam a2200000 a 4500 | ||
|---|---|---|---|
| 001 | UCK6083 | ||
| 003 | CL-VaPUC | ||
| 008 | 050902e19940000SP |||||||||||||||||spa|d | ||
| 020 | |a 847774016X | ||
| 082 | 0 | 4 | |a 701.17 |b BRU |2 21 |
| 100 | 0 | |a Bruyne, Edgar de |e author |9 495195 | |
| 245 | 1 | 3 | |a La estética de la Edad Media |
| 250 | |a 2a. ed | ||
| 300 | |a 263 p | ||
| 942 | |c BK | ||
| 945 | |d 20050902 00:00:00 |a jcarroza | ||
| 260 | |a Madrid |b Visor |c 1994 | ||
| 650 | 0 | |a Estética |9 264950 | |
| 650 | 0 | |a Edad media |9 258041 | |
| 650 | 0 | |a Filosofía del arte |9 264951 | |
| 583 | |a last modification |c 20050902 00:00:00 |k Rodrigo Vera | ||
| 490 | 0 | |a La Balsa de la Medusa, 15 | |
| 999 | |c 314476 |d 314474 | ||
| 952 | |0 0 |1 0 |4 0 |6 701_170000000000000_BRU_1994 |7 0 |8 A |9 386749 |a BIBART |b BIBART |d 2019-11-22 |i 416086K |o 701.17 BRU 1994 |p 416086K |r 2025-03-13 |w 2019-11-22 |y BK |k ART | ||